Estudio sobre las pruebas en materia civil, mercantil y federal /

Contiene: Teoría general de la prueba; Del término probatorio; De la confesión; De los instrumentos y documentos; De la prueba pericial; De la inspección judicial; De la prueba testimonial; De las tachas; De la fama pública; De las presunciones; Indice de jurisprudencia.

I tiakina i:
Ngā taipitopito rārangi puna kōrero
Kaituhi matua: Mateos Alarcón, Manuel (autor)
Ētahi atu kaituhi: Dorantes Tamayo, Luis (apéndice) (apéndice), Briseño Sierra, Humberto (prólogo) (prólogo)
Hōputu: Pukapuka
Reo:Pāniora
I whakaputaina: México : Cárdenas Editor, 1971, c1971
Ngā marau:
Ngā Tūtohu: Tāpirihia he Tūtohu
Kāore He Tūtohu, Me noho koe te mea tuatahi ki te tūtohu i tēnei pūkete!

MARC

LEADER 00000nam^a2200000^a^4500
001 000183795
005 20250521000000.0
009 20260310102051.634
037 |a Acervo ITESO - Biblioteca 
041 |a ESP 
082 |a 347. 7206  |b MAT 
100 |a Mateos Alarcón, Manuel  |e (autor) 
245 1 0 |a Estudio sobre las pruebas en materia civil, mercantil y federal /  |c M. Mateos Alarcón ; pról. de Humberto Briseño Sierra ; ap. de Luis Dorantes Tamayo ; colaboración de Salvador Castro Zavaleta. 
264 4 |a México :  |b Cárdenas Editor,  |c 1971, c1971 
300 |a XLVIII, 433 p. 
336 |a texto  |b txt  |2 rdacontenido 
337 |a sin mediación  |b n  |2 rdamedio 
338 |a volumen  |b nc  |2 rdasoporte 
520 |a Contiene: Teoría general de la prueba; Del término probatorio; De la confesión; De los instrumentos y documentos; De la prueba pericial; De la inspección judicial; De la prueba testimonial; De las tachas; De la fama pública; De las presunciones; Indice de jurisprudencia. 
649 |a XX 
650 |a Confesión (Derecho) -  |z México 
650 |a Prueba Documental -  |z México 
650 |a Prueba Pericial -  |z México 
650 |a Prueba Testimonial -  |z México 
650 |a Presunciones (Derecho) -  |z México 
650 |a Prueba (Derecho) -  |z México 
650 |a Prueba (Derecho) -  |x Teoría 
650 |a Derecho Procesal Civil -  |z México 
650 |a Derecho Procesal Mercantil -  |z México 
650 |a Derecho Procesal -  |z México 
650 |a Derecho Civil -  |z México 
650 |a Derecho Mercantil -  |z México 
650 |a Derecho Privado -  |z México 
650 |a Derecho Público -  |z México 
700 |a Dorantes Tamayo, Luis  |e (apéndice) 
700 |a Briseño Sierra, Humberto  |e (prólogo) 
910 |a Fondo General 
920 |a Impresos - Libros 
930 |a Colección General 
905 |a 101 
901 |a 0500124539  |b IT1  |c ACC  |u 20250521 
902 |a https://opac.biblio.iteso.mx/vufind/Record/000183795